| 000 | 00734nam a2200229 a 4500 | ||
|---|---|---|---|
| 999 |
_c11989 _d11989 |
||
| 001 | 11989 | ||
| 003 | BD-JhCC | ||
| 005 | 20210302081345.0 | ||
| 008 | 210302b2015 bg a ||| ||a| 000 0 ben d | ||
| 020 | _a9847032502320 | ||
| 035 | _a(BD-JhCC)11989 | ||
| 040 |
_aBD-JhCC _dBD-JhCC |
||
| 041 | _abengali | ||
| 082 |
_a891.443 _bBAN 2015 |
||
| 100 | _aবাঙালি,সিরু | ||
| 245 |
_aমুক্তিযুদ্ধের: _bকিশোর উপন্যাস সমগ্র / _cসিরু বাঙালি । |
||
| 260 |
_aঢাকা: _bআদিগন্ত প্রকাশন; _c২০১৫. |
||
| 300 |
_a327 p. : _bill; _c20 cm. |
||
| 650 | _aBengali Novel | ||
| 942 |
_2ddc _cBK |
||